000 00355nam a2200133Ia 4500
005 20260328101514.0
008 260328s9999||||xx |||||||||||||| ||und||
100 _aLebreton, Jean
245 0 _aLa cité Naturelle :
_b Recherche d'un Urbanisme humain /
_cJean Lebreton
260 _bPaul Dupont
300 _a117 p.
650 _aDISEÑO URBANO
942 _cBK
999 _c9293
_d9293